Historia de Europa : La Europa transformada : 1878-1919 /

Uloženo v:
Podrobná bibliografie
Hlavní autor: Stone, Norman (autor)
Médium: Kniha
Jazyk:španělština
Vydáno: México : Siglo XXI, 1985, c1985
Edice:(Historia de Europa)
Témata:
Tagy: Přidat tag
Žádné tagy, Buďte první, kdo vytvoří štítek k tomuto záznamu!

MARC

LEADER 00000nam^a2200000^a^4500
001 000133906
005 20250521000000.0
009 20260526123749.721
020 |a 968-23-1333-3 
037 |a Acervo ITESO - Biblioteca 
041 |a ESP 
082 |a 940.  |b SIG V. 11 
100 |a Stone, Norman  |e (autor) 
240 1 1 |a [Historia de Europa] 
245 1 0 |a Historia de Europa :  |b La Europa transformada : 1878-1919 /  |c N. Stone ; tr. por Mari-Carmen Ruiz de Elvira. 
264 4 |a México :  |b Siglo XXI,  |c 1985, c1985 
300 |a 506 p. 
336 |a texto  |b txt  |2 rdacontenido 
337 |a sin mediación  |b n  |2 rdamedio 
338 |a volumen  |b nc  |2 rdasoporte 
440 1 |a (Historia de Europa) 
500 |a Traducción de: Europe transformed, 1878-1919 
649 |a XX 
650 |a Guerra Mundial (Primera), 1914-1918 
650 |a Política -  |z Europa -  |x Historia -  |y 1871-1918 
650 |a Europa -  |x Historia -  |y 1871-1918 
910 |a Fondo General 
920 |a Impresos - Libros 
930 |a Colección General 
905 |a 101 
901 |a 0500062676  |b IT1  |c ACC  |u 20250521 
902 |a https://opac.biblio.iteso.mx/vufind/Record/000133906